Statistics for Brooklyn Nets 40 Point Games

Click here to take the quiz!

General Stats

  • This quiz has been taken 44 times
    (20 since last reset)
  • The average score is 10 of 28

Answer Stats

Player Max Nb % Correct
Kyrie Irving543
100%
Jason Kidd411
88%
Ray Williams521
71%
Deron Williams572
71%
Spencer Dinwiddie411
65%
D'Angelo Russell443
65%
Dražen Petrović441
59%
Caris LeVert511
59%
Vince Carter5117
59%
Richard Jefferson422
53%
Derrick Coleman421
47%
Stephon Marbury504
41%
Kerry Kittles401
41%
Kenny Anderson453
35%
Devin Harris473
35%
John Williamson508
29%
Kendall Gill411
18%
Bernard King445
12%
Anthony Morrow421
12%
Otis Birdsong421
12%
Mike Gminski411
6%
Bojan Bogdanović441
6%
Mike Newlin524
6%
Allen Crabbe411
0%
Bubbles Hawkins441
0%
Cliff Robinson451
0%
Eric Money401
0%
Kevin Porter401
0%

Score Distribution

Percentile by Number Answered

Percent of People with Each Score

Your Score History

You have not taken this quiz since the last reset